000 00447nam a22001571a 4500
020 _a9788188934393
082 _a934
_bMAN/P
245 _aPurabharati:
_bstudies in early historical archaeology and buddhism (vol.2)/
_cby Mani B R (ed.)
260 _aNew Delhi:
_bSharada,
_c2006.
300 _a240p.-468p.+plates
650 _aHistory India Ancient
650 _aHistory India
650 _aHistory
700 _aSaran S C (ed.)
942 _cBK
999 _c36527
_d36527